000 03205cam a2200409 i 4500
001 23295077
005 20250424142716.0
008 230824s2024 enka b 001 0 eng
010 _a 2023035762
020 _a9781032612959
020 _a9781032612942
037 _cTB
040 _aCRL
_beng
_erda
_cCRL
041 _2eng
_aeng
042 _apcc
050 0 0 _aBF353
_b.C49 2024
084 _aS:(G:55) R4
_qCRL
100 1 _aChalquist, Craig,
_d1963-
_eauthor.
_9752908
245 1 0 _aTerrapsychological inquiry:
_brestorying our relationship with nature, place, and planet
250 _aSecond edition.
260 _aAbingdon, Oxon;
_aNew York, USA:
_bRoutledge, Taylor & Francis Group,
_c2024.
300 _axv, 195p.
_billustrations ;
_c25 cm
336 _atext
_btxt
_2rdacontent
337 _aunmediated
_bn
_2rdamedia
338 _avolume
_bnc
_2rdacarrier
365 _b36.99
_cUKP
500 _a"First edition published by Routledge 2020"--Title page verso.
504 _aIncludes bibliographical references and index.
520 _a"Terrapsychological Inquiry is a path of storied, imaginative research that takes seriously our intense inner responses to the state of the natural world. This place-rooted approach studies, from the standpoint of lived experience, how the world gets into the heart. Oceans and skies, trees and hills, rivers and soils, and even built things like houses, cities, ports, and planes: How do they show up for us inwardly? How do our moods, feelings, and dreams reflect what happens in the world? Terrapsychological Inquiry evolved over a decade of exploration by graduate students, instructors, ceremonialists, workshop leaders and presenters, and other practitioners of embodied creativity to offer an Earth-honoring mode of storied qualitative inquiry, one that transforms all involved from passive spectators of the doings of the world into active, sensitive participants. Learn how to use this methodology of earthly reenchantment in a variety of settings inside and outside academia and by doing so reenter an animate world. This new edition has been revised throughout and offers fresh insights into how Terrapsychological Inquiry, a field with roots in depth psychology, ecopsychology, and Hermetic philosophy, can also be used as an ecospiritual path. Thoroughly updated with a new chapter and added discussion questions and exercises at the end of each chapter, this introduction to an evolving research methodology will be of great interest to students and scholars of environmental psychology, ecotherapy, and environment and sustainability studies more generally"--
_cProvided by publisher.
650 0 _aEnvironmental psychology.
_9752909
650 0 _2Science
776 0 8 _iOnline version:
_aChalquist, Craig.
_tTerrapsychological inquiry
_b2.
_dNew York : Routledge, 2023
_z9781003462965
_w(DLC) 2023035763
906 _a7
_bcbc
_corignew
_d1
_eecip
_f20
_gy-gencatlg
942 _2CC
_cTB
_e2 Ed.
_hS:(G:55) R4
_n0
999 _c1309346
_d1309346